[Event "Olympiad Women 2024"]
[Site "Budapest HUN"]
[Date "2024.09.15"]
[Round "5.47"]
[Board "3"]
[White "Mekarapiruk, Nathasha"]
[Black "Chang, Yolanda"]
[Result "1/2-1/2"]
[WhiteElo "1728"]
[BlackElo "1908"]
[PlyCount "96"]
[EventDate "2024.09.11"]
[WhiteTeam "Thailand"]
[BlackTeam "New Zealand"]
[WhiteTeamCountry "THA"]
[BlackTeamCountry "NZL"]

1. e4 c5 2. Nf3 Nc6 3. d4 cxd4 4. Nxd4 Nf6 5. Nc3 e5 6. Ndb5 d6 7. Bg5 a6 8. Na3 b5 9. Nd5 Be7 10. Bxf6 Bxf6 11. c4 b4 12. Nc2 O-O 13. g3 a5 14. Bg2 Rb8 ({RR} 14... Bg5 15. O-O Be6 16. b3 g6 17. Qe2 Bxd5 18. exd5 Nd4 19. Nxd4 exd4 20. Qd3 a4 21. h4 Bf6 22. Rae1 Re8 23. Rxe8+ Qxe8 24. Qd2 axb3 25. axb3 Qb8 26. h5 d3 27. Qxd3 Qb6 28. Qe2 Qd4 29. Rd1 {½-½ Filippov,A (2630)-Gelfand,B (2764) FIDE World Cup 2013 (2.1)}) 15. Qd3 ({RR} 15. b3 Bg5 16. O-O Ne7 17. Qd3 Bb7 18. h4 Nxd5 19. cxd5 Bh6 20. a3 Qb6 21. Rfb1 Ba6 22. Qd1 f5 23. axb4 fxe4 24. Qe1 Bd3 25. Rb2 axb4 26. Ra4 Bxc2 27. Rxc2 e3 28. fxe3 Bxe3+ 29. Kh2 Bc5 {½-½ Balint,P (2294)-Marakovits,N (2227) Hali Kupa IM 2024 (4.4)}) 15... Bg5 16. O-O Qd7 $146 ({RR} 16... a4 17. b3 axb3 18. axb3 Be6 19. Ra4 Bd7 20. h4 Bh6 21. Rfa1 f5 22. exf5 Bxf5 23. Be4 Bxe4 24. Qxe4 Bd2 25. Rd1 Bh6 26. Ndxb4 Nxb4 27. Nxb4 Qb6 28. Nd3 Qxb3 29. Rda1 Bd2 30. Kg2 Bc3 31. Qd5+ {1-0 Veiga,E (2106)-Hamedi Nia,V (1980) Titled Tuesday intern op 22nd Dec blitz 2020 (6)}) 17. Nce3 Bxe3 18. Nxe3 Nd4 19. b3 Kh8 20. Rad1 Rd8 21. Rd2 Qe7 22. Rfd1 h5 23. Nc2 Ne6 24. Qe2 g6 25. Rd5 Nc5 26. Qd2 Be6 27. Rxd6 Rxd6 28. Qxd6 Qxd6 29. Rxd6 a4 30. bxa4 Nxa4 31. Ra6 Nc3 32. Ne3 Rc8 33. a3 Bxc4 34. Nxc4 Rxc4 35. axb4 Rxb4 36. f3 Ne2+ 37. Kf1 Nd4 38. f4 exf4 39. gxf4 Ne6 40. f5 gxf5 41. exf5 Rf4+ 42. Kg1 Rxf5 43. Ra3 Rg5 44. Rg3 Kg7 45. Rxg5+ Nxg5 46. Kf2 Kg6 47. Kg3 f5 48. Bc6 Ne4+ 1/2-1/2

[Event "Olympiad Women 2024"]
[Site "Budapest HUN"]
[Date "2024.09.15"]
[Round "5.47"]
[Board "4"]
[White "Braganza, Nadia"]
[Black "Tawankanjana, Sasinat"]
[Result "1-0"]
[WhiteElo "1892"]
[BlackElo "1612"]
[PlyCount "47"]
[EventDate "2024.09.11"]
[WhiteTeam "New Zealand"]
[BlackTeam "Thailand"]
[WhiteTeamCountry "NZL"]
[BlackTeamCountry "THA"]

1. c4 e6 2. g3 Nf6 3. Bg2 d5 4. Nf3 Be7 5. O-O O-O 6. b3 c5 7. cxd5 Nxd5 8. Bb2 Nc6 9. d4 Bf6 10. e4 Nc7 11. e5 Be7 12. Nc3 ({RR} 12. dxc5 Bxc5 13. Nbd2 Nd5 14. a3 b6 15. Rc1 Bb7 16. b4 Be7 17. b5 Nb8 18. Nd4 Qd7 19. Qg4 a6 20. Ne4 axb5 21. Nd6 Bxd6 22. exd6 Ra4 23. Qg5 f6 24. Qg4 Qxd6 25. Qxe6+ Qxe6 26. Nxe6 Re8 {1-0 Mudrak,J (2225)-Kulich,D (1904) 7th Bohumin Open 2024 (2.10)}) 12... b6 13. dxc5 Bxc5 14. Nd2 $146 ({RR} 14. Ne4 Nd5 15. Nxc5 bxc5 16. Qc2 Ba6 17. Rfd1 Rc8 18. a3 Nd4 19. Nxd4 cxd4 20. Qe4 d3 21. Qa4 Qb6 22. Bd4 Qb7 23. b4 Rc2 24. Qa5 Bc4 25. Rdc1 a6 26. Be4 Rxc1+ 27. Rxc1 Qb5 28. Qxb5 axb5 {1-0 Vorobyov,Y (2241)-Jedlicka,A (2215) Hradec Kralove op 2012 (7)}) ({RR} 14. Qc1 Nb4 15. Rd1 Nbd5 16. Ne4 Be7 17. Nd4 Bd7 18. Nc6 Bxc6 19. Qxc6 Qe8 20. Qc1 Qd7 21. Nf6+ Bxf6 22. exf6 g6 23. Qh6 Ne8 24. Bxd5 {1-0 Hamburger,D-Teschner,R Berlin-ch 1947 (10)}) ({RR} 14. Ne4 Be7 15. Nd6 Nd5 16. Rc1 Nxe5 17. Nxe5 Bxd6 18. Nc6 Qd7 19. Bxd5 exd5 20. Qxd5 Bb7 21. Rfd1 Rad8 22. Qd4 f6 23. Nxd8 Rxd8 24. Ba3 Qh3 25. Qc4+ Kh8 26. Qf1 Qe6 27. Bxd6 Rxd6 28. Rxd6 Qxd6 {1-0 Jarocka,L (2094)-Aung,T (2268) Titled Tuesday intern op 19th Jul Late blitz 2022 (3)}) 14... Bb7 15. Nc4 Rb8 16. Nd6 Bxd6 17. exd6 Ne8 18. d7 Nf6 19. Ba3 Ne7 20. Qd6 Bxg2 21. Kxg2 Ng6 22. Qd3 Ne7 23. Rfd1 Rb7 24. Bxe7 1-0

[Event "Olympiad Women 2024"]
[Site "Budapest HUN"]
[Date "2024.09.15"]
[Round "5.48"]
[Board "1"]
[White "Miladi, Amen"]
[Black "Paulo, Jemima"]
[Result "1-0"]
[WhiteElo "1851"]
[BlackElo "2037"]
[PlyCount "85"]
[EventDate "2024.09.11"]
[WhiteTeam "Tunisia"]
[BlackTeam "Angola"]
[WhiteTeamCountry "TUN"]
[BlackTeamCountry "ANG"]

1. e4 c5 2. Nf3 g6 3. d4 cxd4 4. Nxd4 Bg7 5. Nc3 Nc6 6. Be3 Nf6 7. Nxc6 bxc6 8. e5 Ng8 9. Bd4 Nh6 10. e6 O-O 11. Bxg7 Kxg7 12. Qd4+ f6 13. exd7 Nf5 $146 ({RR} 13... Qxd7 14. Qxd7 Bxd7 15. O-O-O Rfd8 16. Ba6 Ng4 17. Rhe1 Kf8 18. f3 Ne5 19. Ne4 Bf5 20. Nc5 g5 21. b4 h5 22. Rxd8+ Rxd8 23. Re3 h4 24. Be2 Rd4 25. a3 g4 26. fxg4 Nxg4 27. Bxg4 Rxg4 28. g3 {1-0 Sindarov,J (2609)-Salem,A (2690) Sharjah Ramadan Stars rapid 2022 (4)}) ({RR} 13... Qxd7 14. Qxd7 Bxd7 15. O-O-O Rfd8 16. Bc4 Ng4 17. Rd2 Bf5 18. Re2 Ne5 19. Bb3 g5 20. Ne4 Bxe4 21. Rxe4 Rd6 22. g3 g4 23. Ba4 Rad8 24. h3 h5 25. hxg4 hxg4 26. Bb3 Rd4 27. Rxd4 Rxd4 28. Rd1 {1-0 Jaramillo Daza,D (1773)-Jimenez Garcia,E (2387) 17th American Cont Blitz 2024 (1.12)}) ({RR} 13... Bxd7 14. O-O-O Bg4 15. f3 Qxd4 16. Rxd4 Bc8 17. Rc4 Bd7 18. Ne4 Nf5 19. Nc5 Bc8 20. Ra4 e5 21. Ba6 Ne3 22. Bxc8 Rfxc8 23. g3 Kf7 24. Re1 Nd5 25. Rh4 h5 26. Rhe4 Re8 27. Nb7 Re7 28. Na5 {½-½ Platz,H-Koch,B DDR-ch05 Final (DSV) 1954 (6)}) 14. dxc8=Q Qxd4 15. Qe6 Rab8 16. Rd1 Qc5 17. Qc4 Qe5+ 18. Qe4 Qa5 19. Qa4 Qe5+ 20. Be2 Rxb2 21. Rd3 Rfb8 22. O-O R8b4 23. Qa3 a5 24. Bd1 Nd6 25. Re3 Qg5 26. Na4 Nc4 27. Rxe7+ Kf8 28. Qd3 Kxe7 29. Re1+ Ne5 30. Nxb2 Rxb2 31. Qa3+ Rb4 32. Qxa5 Qd2 33. Qa7+ Kf8 34. Qc5+ Kg7 35. Qe7+ Kh6 36. Rf1 Nd7 37. Bf3 Rc4 38. Rd1 Qxc2 39. Qxd7 Qxa2 40. g3 Rc2 41. Qh3+ Kg7 42. Rd7+ Kf8 43. Qxh7 1-0

[Event "Olympiad Women 2024"]
[Site "Budapest HUN"]
[Date "2024.09.15"]
[Round "5.48"]
[Board "3"]
[White "Ben Amor, Meriem"]
[Black "Junior, Ednasia"]
[Result "1/2-1/2"]
[WhiteElo "1733"]
[BlackElo "1888"]
[PlyCount "58"]
[EventDate "2024.09.11"]
[WhiteTeam "Tunisia"]
[BlackTeam "Angola"]
[WhiteTeamCountry "TUN"]
[BlackTeamCountry "ANG"]

1. e4 c5 2. Nf3 e6 3. d4 cxd4 4. Nxd4 Nf6 5. Nc3 Nc6 6. Be3 Qc7 7. Qf3 a6 8. Qg3 ({RR} 8. O-O-O Bb4 9. Nxc6 Qxc6 10. Bd4 Bxc3 11. Bxc3 Qxe4 12. Qg3 Qg6 13. Qe5 O-O 14. Bd3 Qg4 15. f3 Qh5 16. Qg3 Ne8 17. f4 d6 18. Qf2 Bd7 19. g4 Qh3 20. Rhg1 Bc6 21. Rg3 Qh4 22. Re1 Bb5 {0-1 Vallejo Pons,F (2706)-Movsesian,S (2699) Wch Blitz 7th 2013 (28)}) ({RR} 8. O-O-O Be7 9. Kb1 Rb8 10. h3 b5 11. Nxc6 dxc6 12. g4 Bb7 13. g5 Nd7 14. h4 Bd6 15. h5 b4 16. Ne2 c5 17. Qg2 Rg8 18. g6 hxg6 19. hxg6 f5 20. f3 f4 21. Qg4 Nf8 22. Nxf4 Bc8 {1-0 Kaminski,J (1911)-Liberadzki,S (2052) TCh-POL 2nd League 2024 (7.52)}) 8... Qxg3 9. hxg3 Bb4 10. f3 $146 ({RR} 10. Nxc6 bxc6 11. f3 d5 12. e5 Nd7 13. f4 Rb8 14. Bd2 Nc5 15. b3 a5 16. Ne2 Bxd2+ 17. Kxd2 Ba6 18. Ke3 Bxe2 19. Bxe2 Rb4 20. Bf3 Ke7 21. c3 Rb6 22. Rab1 h6 23. g4 Rhb8 24. Rhc1 a4 {1-0 Gupta,S (2429)-Nagy,G (2495) Chess.com Bullet op2 blitz 2020 (10)}) 10... d5 11. g4 dxe4 12. Nxc6 bxc6 13. O-O-O Nd5 14. Bd4 f6 15. Nxe4 e5 16. Bf2 O-O 17. Nc5 Re8 18. Bc4 Bxc5 19. Bxc5 Be6 20. g3 g6 21. Rhe1 Nc7 22. Bxe6+ Nxe6 23. Be3 Rad8 24. c3 Kf7 25. Rh1 Kg8 26. Rhe1 Kf7 27. Rh1 Kg8 28. Rhe1 Kf7 29. Rh1 Kg8 1/2-1/2

[Event "Olympiad Women 2024"]
[Site "Budapest HUN"]
[Date "2024.09.15"]
[Round "5.48"]
[Board "4"]
[White "Pires, Luzia"]
[Black "Hasnaoui, Abrar"]
[Result "1-0"]
[WhiteElo "1877"]
[BlackElo "1595"]
[PlyCount "109"]
[EventDate "2024.09.11"]
[WhiteTeam "Angola"]
[BlackTeam "Tunisia"]
[WhiteTeamCountry "ANG"]
[BlackTeamCountry "TUN"]

1. d4 d5 2. Nf3 Nf6 3. e3 e6 4. Nbd2 Bd6 5. Bd3 O-O 6. b3 b6 ({RR} 6... c6 7. Bb2 Nbd7 8. Ne5 Bxe5 9. dxe5 Ne8 10. c4 f5 11. exf6 Nexf6 12. O-O e5 13. cxd5 cxd5 14. Bf5 Qe7 15. Rc1 Nb6 16. Bxc8 Raxc8 17. Nf3 Nfd7 18. Qe2 e4 19. Nd4 Ne5 20. f4 Nd3 21. Rxc8 {1-0 Mamedjarova,Z (2363)-Mamedjarova,T (2260) Wch Blitz (Women) 2017 (18)}) 7. Bb2 Bb7 8. c4 $146 ({RR} 8. O-O Qe7 9. Ne5 c5 10. f4 Ne4 11. Nxe4 dxe4 12. Bc4 cxd4 13. Qxd4 f6 14. Ng4 Rd8 15. Qd1 f5 16. Nf2 Nc6 17. Qh5 Na5 18. Be2 Rac8 19. c4 Bc5 20. Bc1 Ba3 21. Bxa3 Qxa3 22. Rfd1 Nc6 {0-1 Cherednichenko,S (2361)-Varchenko,G (2125) UKR-ch Alushta 2009 (1)}) ({RR} 8. Ne5 Nbd7 9. Qf3 c5 10. Qh3 h6 11. Rd1 Qc7 12. f4 Ne4 13. Bxe4 dxe4 14. Nxd7 Qxd7 15. dxc5 Bxc5 16. Nxe4 Qe7 17. Nxc5 Qxc5 18. Qg3 f6 19. Qf2 Qa5+ 20. Qd2 Qxa2 21. Bd4 Rac8 22. Rc1 Rfd8 {0-1 Gongora Montes,B (2092)-Karthi,J (2075) 1000GM Spring Break 2 Gp2 2024 (1.5)}) ({RR} 8. O-O Ne4 9. c4 c5 10. Rc1 Nd7 11. Ne5 Nxd2 12. Qxd2 Nxe5 13. dxe5 Bc7 14. Qc2 Qh4 15. f4 dxc4 16. Qxc4 Rad8 17. Rcd1 Qg4 18. Qc2 Rxd3 19. Rxd3 Be4 20. Rfd1 b5 21. Qf2 Bxd3 22. Rxd3 Bb6 {0-1 Langmann,C (1851)-Sechting,M (2054) Lueneburg op-A 2016 (5)}) ({RR} 8. O-O Ne4 9. c4 g5 10. Rc1 f6 11. Qc2 g4 12. Nxe4 dxe4 13. Bxe4 Bxe4 14. Qxe4 gxf3 15. Qxa8 c6 16. g3 Qd7 17. e4 e5 18. Kh1 Qh3 19. Rg1 Rf7 20. c5 Bc7 21. cxb6 axb6 22. Rxc6 Qd7 {1-0 Mattes,H (1908)-Billing,A (1870) Regionalliga SW 0910 2009 (9.7)}) 8... Nbd7 9. Qc2 c5 10. h3 cxd4 11. exd4 e5 12. dxe5 Re8 13. O-O Bxe5 14. Nxe5 Nxe5 15. Bf5 dxc4 16. Nxc4 Qd5 17. Ne3 Qc6 18. Qxc6 Bxc6 19. Rac1 Bd7 20. Bb1 Bb5 21. Rfd1 Ned7 22. a4 Be2 23. Rd2 Bh5 24. b4 Rac8 25. Rxc8 Rxc8 26. Bf5 Kf8 27. Bxd7 Rd8 28. Bxf6 gxf6 29. Rd5 Ke7 30. Nf5+ Kf8 31. Bc6 Rc8 32. b5 Bg6 33. g4 Bxf5 34. gxf5 a6 35. Kg2 axb5 36. axb5 Kg7 37. Kf3 Rc7 38. Rd7 Rc8 39. Rb7 Rd8 40. Rxb6 Rd3+ 41. Kg2 Kf8 42. Rb7 Rc3 43. f3 Rc2+ 44. Kg3 Rc1 45. Be4 Rc8 46. b6 Ke8 47. Ra7 Kd8 48. b7 Rb8 49. Ra8 Kc7 50. Rxb8 Kxb8 51. Kh4 Kc7 52. Kh5 Kb8 53. Kh6 Kc7 54. Kxh7 Kb8 55. h4 1-0

[Event "Olympiad Women 2024"]
[Site "Budapest HUN"]
[Date "2024.09.15"]
[Round "5.49"]
[Board "2"]
[White "Blackman, Katrina"]
[Black "Monroy G., Nataly A."]
[Result "0-1"]
[WhiteElo "1814"]
[BlackElo "1939"]
[PlyCount "108"]
[EventDate "2024.09.11"]
[WhiteTeam "Barbados"]
[BlackTeam "Bolivia"]
[WhiteTeamCountry "BAR"]
[BlackTeamCountry "BOL"]

1. e3 {Edouard,Romain} g6 2. d4 Bg7 3. Nf3 Nf6 4. Be2 O-O 5. O-O c5 6. c3 ({RR} 6. d5 d6 7. c4 e6 8. Nc3 exd5 9. cxd5) 6... d6 ({RR} 6... d5 7. dxc5 Ne4 8. b4 a5 ({RR} 8... Nxc3 9. Nxc3 Bxc3 10. Rb1 a6 11. Bb2 Bxb2 12. Rxb2) ({RR} 8... b6 9. cxb6 axb6 10. Bb2 Nc6 11. Qb3) 9. Nd4 e5 10. Nb5 Nc6 11. Nd2 axb4 12. Nxe4 dxe4 13. cxb4 Nxb4 14. Nd6 Qc7 15. a4 ({RR} 15. Nxe4 Bf5) 15... Qxc5 16. Bc4 ({RR} 16. Nxe4 Qc6) 16... Rd8 ({RR} 16... Bf6 17. Ba3 Be7 18. Nxc8 Qxc8) ({RR} 16... Be6 17. Bxe6 fxe6 18. Nxe4 Qc6 19. Qg4) 17. Bxf7+ Kh8 ({RR} 17... Kf8 18. Qb3 Rxd6 19. Bg8) 18. Nxe4 Qe7 19. Qb3 Bf5 20. Ba3 Bxe4 21. Qxb4) ({RR} 6... cxd4 7. cxd4 ({RR} 7. exd4 d6 8. Bg5 Be6 9. Nbd2 Nc6) 7... d5 8. Nc3 Nc6 9. b3 Bf5 10. Bb2 Rc8 11. Rc1 Ne4 12. a3 Nxc3 13. Bxc3 Be4 14. b4 Bxf3 15. Bxf3 e6 16. b5 Na5 17. Bb4) ({RR} 6... b6) 7. Na3 $146 ({RR} 7. Nbd2 Nc6 ({RR} 7... b6 8. b4 Nbd7 9. a4 Bb7 10. Qb3) 8. Re1 e5 9. dxe5 dxe5 10. e4 Qc7 11. Qc2 h6 12. Nc4 Be6 13. Be3 b6 14. h3 Nh5 15. a4 Nf4 16. Bf1 Rad8 17. a5 Rb8 18. axb6 axb6 19. Na3 Na7 20. Qc1 Rfd8 21. Nc4 Nc6 {1-0 Guimard,C-Langeweg,K Zevenaar 1961 (15)}) ({RR} 7. Nbd2 cxd4 8. exd4 b6 9. a4 a6 10. Ng5 Bb7 11. Bf3 Ra7 12. Re1 h6 13. Bxb7 Rxb7 14. Nge4 Nxe4 15. Nxe4 d5 16. Nd2 Nc6 17. Nf3 Qd6 18. h4 Ra8 19. Qd3 Qd7 20. Ne5 ({RR} 20. Bf4) 20... Nxe5 21. dxe5 Qe6 {1-0 Edouard,R (2642)-Erdos,V (2603) BCF-chT1c 1819 (4NCL) Promotion pool 2018 (11.16)} {RR} 22. Bf4) ({RR} 7. b4 Ne4 8. Bb2 a5 9. bxc5 dxc5 10. Nbd2 Bf5 11. a4 Qb6 12. Nc4 Qc7 13. Na3 Rd8 14. Nb5 Qb6 15. Qb3 Nc6 16. Rfd1 Rac8 17. Rac1 cxd4 18. cxd4 Nb4 19. Ba3 Be6 20. Qb2 Rxc1 21. Rxc1 Nd5 {1-0 Principe,G (2158)-Celestino,R Titled Tue 23rd Jan Early 2024 (1)}) ({RR} 7. Nbd2 Nbd7 8. h3 Rb8 9. a4 Ne8 10. Nh2 Nc7 11. f4 e6 12. Ne4 cxd4 13. exd4 Nb6 14. Nf3 Qe7 15. b3 Nbd5 16. Qd2 Bh6 17. g3 e5 18. dxe5 dxe5 19. Ba3 Qe6 20. Bxf8 Kxf8 21. Nfg5 Qb6+ {1-0 Biermann,K-Fink,W Bochum SG 31 op 4th 1978 (7)}) 7... b6 8. Nc2 Bb7 9. b4 Nbd7 10. bxc5 dxc5 11. Bb2 Qc7 12. h3 e5 13. Rc1 Rad8 14. Na3 Qb8 15. Qb3 Ne4 16. d5 c4 17. Bxc4 Ndc5 18. Qc2 Bxd5 19. Bxd5 Rxd5 20. c4 Rd3 21. Rcd1 Rfd8 22. Nb5 a6 23. Nc3 Nxc3 24. Bxc3 e4 25. Nd4 Qc7 26. Ba1 Rxd1 27. Rxd1 Rc8 28. Nb3 Bxa1 29. Rxa1 Nd3 30. Nd2 Qe5 31. Rd1 b5 32. Nxe4 Qxe4 33. Qxd3 Qxd3 34. Rxd3 Rxc4 35. Ra3 Rc1+ 36. Kh2 Rc6 37. Kg3 Kf8 38. Rd3 Ke7 39. Kf3 Ke6 40. Rd4 a5 41. Ke2 Rc2+ 42. Rd2 Rc3 43. f3 f5 44. g4 b4 45. g5 Rc1 46. Rd1 Rxd1 47. Kxd1 Kd5 48. Ke2 Kc4 49. e4 fxe4 50. fxe4 Kd4 51. Kf3 a4 52. Kf4 b3 53. e5 b2 54. e6 b1=Q 0-1

[Event "Olympiad Women 2024"]
[Site "Budapest HUN"]
[Date "2024.09.15"]
[Round "5.49"]
[Board "4"]
[White "Eversley, Kiarra"]
[Black "Gareca Ordonez, Carla Angelica"]
[Result "0-1"]
[WhiteElo "1615"]
[BlackElo "1778"]
[PlyCount "81"]
[EventDate "2024.09.11"]
[WhiteTeam "Barbados"]
[BlackTeam "Bolivia"]
[WhiteTeamCountry "BAR"]
[BlackTeamCountry "BOL"]

1. e4 c5 2. Nf3 d6 3. d4 cxd4 4. Nxd4 Nf6 5. Nc3 a6 6. Be2 e5 7. Nb3 Be6 8. Bg5 Nbd7 9. Qd2 Be7 ({RR} 9... Rc8 10. f3 Be7 11. h4 O-O 12. g4 b5 13. O-O-O b4 14. Nd5 Bxd5 15. exd5 a5 16. Bb5 Qc7 17. Kb1 Nb6 18. Bxf6 Bxf6 19. g5 Be7 20. Nxa5 Nxd5 21. Nc6 Nf4 22. Qxb4 Rfe8 23. Rhe1 Bf8 24. Qb3 {1-0 Durarbayli,V (2627)-Isajevsky,A (2403) Titled Tue 27th Jun Late 2023 (4)}) ({RR} 9... b5 10. Bd3 Be7 11. Qe2 O-O 12. O-O Qc7 13. Rae1 b4 14. Nd1 h6 15. Bh4 a5 16. Ne3 Nb6 17. Nd2 Rac8 18. Qf3 Nh7 19. Bg3 Na4 20. b3 Nc3 21. Nec4 Bg5 22. h4 Bxd2 23. Nxd2 Nxa2 24. Nc4 {0-1 Karunasena,A (1899)-Savchenko,B (2470) DINI International 2024 (2.7)}) 10. f3 h6 $146 ({RR} 10... O-O 11. Rd1 Rc8 12. O-O Qc7 13. Kh1 Rfd8 14. a3 Nb6 15. Qe1 d5 16. exd5 Nfxd5 17. Nxd5 Nxd5 18. Bxe7 Qxe7 19. Bd3 Qg5 20. Qd2 Ne3 21. Rc1 h6 22. Rg1 Bxb3 23. cxb3 Rxc1 24. Rxc1 e4 25. f4 {0-1 Galia,K-Kottnauer,C Schlechter Memorial 1947 (2)}) ({RR} 10... Qc7 11. O-O O-O 12. Rfd1 Bc4 13. Kh1 Rac8 14. Rac1 h6 15. Be3 Nb6 16. Bd3 Rfd8 17. Qf2 Nbd7 18. Ne2 d5 19. Ng3 d4 20. Bd2 Bf8 21. Nf5 Be6 22. g4 Bxf5 23. gxf5 Nh5 24. Rg1 Kh8 25. Qh4 {1-0 Uckar,K (1799)-Kunow,F (2147) Kreuzberg 2000 (7)}) ({RR} 10... O-O 11. O-O-O b5 12. h4 Qc7 13. Kb1 b4 14. Nd5 Bxd5 15. exd5 a5 16. g4 Rfc8 17. Bxf6 Nxf6 18. Rc1 a4 19. Na1 Qc5 20. Rhd1 a3 21. c4 axb2 22. Qxb2 Ra6 23. Nb3 Qa7 24. c5 Ra3 25. cxd6 {1-0 Pereira,M (1934)-Carmo,J (1637) Pan American-ch U1700 2021 (8)}) 11. Be3 Rc8 12. O-O-O b5 13. Kb1 Nb6 14. a3 Nc4 15. Bxc4 bxc4 16. Nc1 Rb8 17. Nd5 Bxd5 18. exd5 Rb5 19. Qc3 Nxd5 20. Rxd5 Rxd5 21. Qxc4 Qa8 22. Qa4+ Kf8 23. c4 Rc5 24. Bxc5 dxc5 25. Re1 f6 26. Ne2 Kf7 27. Nc3 Qb7 28. Nd5 Rb8 29. Qc2 Bd8 30. Ka2 a5 31. Re3 g6 32. Rb3 Qxb3+ 33. Qxb3 Rxb3 34. Kxb3 f5 35. Ka4 Ke6 36. Kb5 Kd6 37. Nb6 Bxb6 38. Kxb6 a4 39. Kb5 e4 40. fxe4 fxe4 41. Kxa4 0-1

[Event "Olympiad Women 2024"]
[Site "Budapest HUN"]
[Date "2024.09.15"]
[Round "5.50"]
[Board "3"]
[White "Zavala Galindo, Alejandra Beatriz"]
[Black "Mutisya, Jully"]
[Result "1-0"]
[WhiteElo "1870"]
[BlackElo "1750"]
[PlyCount "81"]
[EventDate "2024.09.11"]
[WhiteTeam "El Salvador"]
[BlackTeam "Kenya"]
[WhiteTeamCountry "ESA"]
[BlackTeamCountry "KEN"]

1. Nf3 Nf6 2. g3 g6 3. Bg2 Bg7 4. d3 O-O 5. e4 d6 6. O-O c6 7. a4 e5 8. Nbd2 Na6 ({RR} 8... Nbd7 9. a5 Re8 10. b4 Rb8 11. Bb2 b5 12. axb6 axb6 13. Ra7 Bb7 14. c4 Qc7 15. Qb3 Ra8 16. Rxa8 Bxa8 17. Ra1 d5 18. cxd5 cxd5 19. Ng5 Qd6 20. exd5 Bxd5 21. Nc4 Qc6 22. Ne3 Bxb3 23. Bxc6 {1-0 Ljubojevic,L (2610)-Karpov,A (2715) Amsterdam Euwe Memorial 1988 (3)}) ({RR} 8... a5 9. Nc4 Na6 10. b3 Be6 11. Ba3 Re8 12. Nxd6 Re7 13. Nc4 Nb4 14. c3 Bxc4 15. bxc4 Rd7 16. cxb4 Rxd3 17. Qc2 Nxe4 18. Ne1 Rxa3 19. Rxa3 Nd2 20. Rd3 {1-0 Rees,I (2272)-Crocker,P (2103) Titled Tue 26th Mar Early 2024 (3)}) 9. Re1 $146 ({RR} 9. Nc4 Nc7 10. Bg5 Ne6 11. Bd2 Ne8 12. Rb1 f5 13. exf5 Rxf5 14. Qe1 Qc7 15. b4 Qf7 16. Nh4 Rf6 17. c3 g5 18. f4 gxh4 19. fxe5 Rxf1+ 20. Bxf1 d5 21. Nd6 Nxd6 22. exd6 Qg6 23. Bh3 Ng5 {0-1 Sady,J (2080)-Faria,P (2330) Sao Paulo Charlier 1996 (1)}) ({RR} 9. Nc4 h6 10. h3 Be6 11. Ne3 Qd7 12. Kh2 Rad8 13. Qe2 Nh7 14. Nh4 Ng5 15. f4 exf4 16. gxf4 Nh7 17. f5 Qe7 18. Qf2 gxf5 19. Nexf5 Bxf5 20. Nxf5 Qe5+ 21. Kh1 Qe6 22. Qg3 {1-0 Szekeres,T (2255)-Crisan,C (2100) Schneider Memorial op  1996}) ({RR} 9. Nc4 Ne8 10. d4 Be6 11. Ne3 Qe7 12. dxe5 dxe5 13. b3 Rd8 14. Qe2 Qc7 15. Ng5 Bc8 16. Ba3 Nd6 17. Rad1 b6 18. f3 Nc5 19. Bxc5 bxc5 20. Rd2 Qe7 21. Nh3 Bh6 22. Rfd1 Ba6 23. c4 Bc8 {½-½ Malecki,R (2185)-Siedlecki,A (1857) Gora Sw Anny op 5th 2012 (2)}) 9... h6 10. c3 Nc5 11. Qc2 Nh7 12. b4 Ne6 13. Nc4 f5 14. Nh4 Rf6 15. Nxg6 fxe4 16. Nh4 exd3 17. Qxd3 Neg5 18. Bxg5 hxg5 19. Be4 gxh4 20. Bxh7+ Kh8 21. Nxe5 Be6 22. Ng6+ Kxh7 23. Nf8+ Kg8 24. Nxe6 Qb6 25. Qe3 Qxe3 26. Rxe3 Bh6 27. f4 hxg3 28. hxg3 Kf7 29. Rae1 Rg8 30. Kf2 Rc8 31. Kf3 c5 32. g4 cxb4 33. g5 Rxe6 34. Rxe6 Rxc3+ 35. Kg4 Bf8 36. g6+ Kg8 37. f5 Rc4+ 38. Kg5 Rc2 39. Re8 Rg2+ 40. Kf6 Rg3 41. R1e7 1-0

[Event "Olympiad Women 2024"]
[Site "Budapest HUN"]
[Date "2024.09.15"]
[Round "5.51"]
[Board "2"]
[White "Recica, Jona"]
[Black "Saidova, Rukhshona"]
[Result "0-1"]
[WhiteElo "1791"]
[BlackElo "1873"]
[PlyCount "62"]
[EventDate "2024.09.11"]
[WhiteTeam "Kosovo"]
[BlackTeam "Tajikistan"]
[WhiteTeamCountry "KOS"]
[BlackTeamCountry "TJK"]

1. e4 e5 2. Nf3 Nc6 3. d4 exd4 4. Bc4 Nf6 5. Ng5 d5 6. exd5 Qe7+ 7. Kf1 Ne5 8. Qxd4 Nxc4 9. Qxc4 h6 10. Nf3 Qc5 11. Qe2+ Be7 12. c4 Nxd5 13. Na3 Nb4 $146 ({RR} 13... Nf6 14. Be3 Qa5 15. Bd2 Qb6 16. Nb5 Be6 17. Bf4 Rc8 18. Nbd4 O-O 19. Re1 Bb4 20. Rd1 Bg4 21. h3 Bh5 22. g4 Rfe8 23. Be3 Bg6 24. Kg2 Be4 25. a3 Bc5 26. b4 Bxd4 27. Rxd4 Qe6 28. Kg3 {0-1 Tomczak,J (2329)-Fougerit,V (2138) Wch U16 Belfort 2005 (6)}) ({RR} 13... Nf6 14. Be3 Qc6 15. Nd4 Qd7 16. Rd1 O-O 17. Ndb5 Qc6 18. Nc2 Ng4 19. Bxa7 Qe6 20. Bd4 c5 21. Bc3 Rxa2 22. f3 Nf6 23. Kf2 Qxe2+ 24. Kxe2 Nh5 25. Ra1 Be6 26. Nca3 Nf4+ 27. Kf2 Rxa1 28. Rxa1 {½-½ Shen,S (2184)-Gao,R (2561) CHN-chT Hangzhou 2018 (1.4)}) 14. Nb5 a6 15. Be3 Qc6 16. Nfd4 Qd7 17. Nc3 O-O 18. Rd1 Bf6 19. Nb3 Qc6 20. a3 Bxc3 21. bxc3 Be6 22. Na5 Qa4 23. cxb4 b6 24. Rc1 bxa5 25. Qb2 Bxc4+ 26. Ke1 Rad8 27. f3 Rd3 28. Kf2 Rxa3 29. Ra1 axb4 30. Bc5 Re8 31. Qxb4 Rxa1 0-1

[Event "Olympiad Women 2024"]
[Site "Budapest HUN"]
[Date "2024.09.15"]
[Round "5.51"]
[Board "3"]
[White "Tolibova, Dilola"]
[Black "Saraci, Rinesa"]
[Result "1/2-1/2"]
[WhiteElo "1831"]
[BlackElo "1757"]
[PlyCount "93"]
[EventDate "2024.09.11"]
[WhiteTeam "Tajikistan"]
[BlackTeam "Kosovo"]
[WhiteTeamCountry "TJK"]
[BlackTeamCountry "KOS"]

1. e4 e5 2. Nf3 Nc6 3. Bc4 Nf6 4. d3 Bc5 5. Nc3 d6 6. h3 O-O 7. Bg5 Na5 8. Nd5 ({RR} 8. Bb3 Nxb3 9. axb3 c6 10. Qd2 a6 11. Nh2 Qe7 12. Ng4 Bxg4 13. hxg4 Qe6 14. f3 b5 15. g3 a5 16. Qh2 Rfe8 17. Bxf6 Qxf6 18. Qxh7+ Kf8 19. Qf5 b4 20. Ne2 Be3 21. Qxf6 gxf6 22. c3 Ke7 {1-0 Tran,H (2143)-Ho,N (2126) VIE-ch U13 Girls 2022 (1)}) 8... Nxc4 9. dxc4 Bxf2+ 10. Ke2 $146 ({RR} 10. Kf1 Bb6 11. Nxf6+ gxf6 12. Bh6 Re8 13. Qe1 Kh8 14. Rd1 Be6 15. b3 f5 16. Bg5 f6 17. Bh4 Qe7 18. g4 fxg4 19. hxg4 Bxg4 20. Rd3 Rg8 21. Bf2 Bxf3 22. Rxf3 Bxf2 23. Qxf2 Rg6 24. Rfh3 Rg7 {0-1 Munne Duran,J (1795)-Lopez Roca,X (1900) Terrassa op-B 1996 (6)}) ({RR} 10. Kxf2 Nxe4+ 11. Ke1 Nxg5 12. Nxg5 Qxg5 13. Nxc7 Qxg2 14. Rf1 Bxh3 15. Qf3 Qxf1+ 16. Qxf1 Bxf1 17. Nxa8 Bxc4 18. Nc7 Rc8 19. b3 Bxb3 20. axb3 Rxc7 21. Rxa7 g6 22. c4 f5 23. Ra2 g5 24. Rd2 Rc6 {0-1 Gurski,C-Dolin,J (1314) Romulus op 2000 (5)}) ({RR} 10. Kf1 Bg3 11. Nh2 Nxd5 12. Bxd8 Ne3+ 13. Ke2 Nxd1 14. Bxc7 Nxb2 15. Bxd6 Rd8 16. c5 Be6 17. Nf3 f6 18. Nd2 Nc4 19. Nxc4 Bxc4+ 20. Kf3 Bf4 21. Rhd1 Bb5 22. a4 Bc6 23. g3 Bg5 24. a5 g6 {0-1 Grigioni,G (1827)-Fischetti,L (1585) Omegna op 1st 2013 (3)}) 10... Bg3 11. Nh4 c6 12. Ne3 h6 13. Bxf6 Qxf6 14. Nhf5 Bxf5 15. Nxf5 Qg5 16. Qd3 Qh5+ 17. Qf3 Qxf3+ 18. gxf3 Bf4 19. Nxd6 b6 20. h4 Rfd8 21. Rad1 Rd7 22. Nf5 Rad8 23. Rd3 Rxd3 24. cxd3 Kf8 25. h5 Bg5 26. b4 Be7 27. a3 Rd7 28. Rd1 c5 29. b5 Bg5 30. a4 g6 31. Ne3 Bxe3 32. Kxe3 g5 33. a5 Ke7 34. axb6 axb6 35. Ra1 Rb7 36. Ra8 Kf6 37. Rh8 Kg7 38. Re8 f6 39. Ra8 Kf7 40. Rh8 Kg7 41. Ra8 Kh7 42. Rf8 Kg7 43. Ra8 Kh7 44. Rf8 Kg7 45. Ra8 Kh7 46. Rf8 Kg7 47. Ra8 1/2-1/2